| 000 | 00584nam a2200205Ia 4500 | ||
|---|---|---|---|
| 001 | 2927 | ||
| 003 | GE_BSU | ||
| 008 | 181216s||||||||xx |||||||||||||| ||und|| | ||
| 040 | _cGE_BSU | ||
| 080 | _a624.953 | ||
| 100 | _aСвиридова,Т.А. Привалов,Ю.А. | ||
| 245 | _aМонтаж шаровых резервуаров. | ||
| 245 | _cРед. Л.А.Кашани. | ||
| 260 | _aМ. | ||
| 260 | _bСтройиздат. | ||
| 260 | _c1980. | ||
| 300 | _a197 стр. с илл. 20 см. | ||
| 653 | _aМонтаж шаровых резервуаров. | ||
| 942 | _cBK | ||
| 999 |
_c36975 _d36975 |
||